000 00343nam a2200157Ia 4500
100 _aSharma/Robin
650 _aGeneral
942 _cBK
366 _f15
654 _amonk
245 _aThe monk who sold his ferrari
260 _bJaico Publishing House
_aMumbai
_c2006
082 _a303.34/SHA
_bSHA
300 _a198
546 _aENGLISH
999 _c34082
_d34082